Danh mục thuốc bảo vệ thực vật được phép hạn chế và cấm sử dụng

Uloženo v:
Podrobná bibliografie
Hlavní autor: Bộ Nông nghiệp và phát triển nông thôn
Médium: Kniha
Jazyk:Undetermined
Vydáno: Hà Nội Nông Nghiệp 2001
Témata:
Tagy: Přidat tag
Žádné tagy, Buďte první, kdo otaguje tento záznam!
Thư viện lưu trữ: Trung tâm Học liệu Trường Đại học Cần Thơ
LEADER 00667nam a2200169Ia 4500
001 CTU_45573
008 210402s9999 xx 000 0 und d
082 |a 632.95 
082 |b B450 
100 |a Bộ Nông nghiệp và phát triển nông thôn 
245 0 |a Danh mục thuốc bảo vệ thực vật được phép hạn chế và cấm sử dụng 
245 0 |c Bộ Nông nghiệp và phát triển nông thôn 
260 |a Hà Nội 
260 |b Nông Nghiệp 
260 |c 2001 
650 |a agricultural chemicals,herbicides,insecticides,pesticides 
980 |a Trung tâm Học liệu Trường Đại học Cần Thơ